| 000 | 00513nam a22001697a 4500 | ||
|---|---|---|---|
| 100 | _aKumar, A. | ||
| 245 | _aOptimization of DNA extraction methods for some important forest tree species | ||
| 260 |
_bInternational Journal of Advanced Biotechnology and Research, 4 (3): 364-371. _c2013 |
||
| 300 | _bSoft copy uploaded in DSpace | ||
| 700 | _aGayakwad, A. | ||
| 700 | _aPanse, U. | ||
| 700 | _aKhasdeo, K. | ||
| 700 | _aNarayanan, C. | ||
| 700 | _aAnsari, S.A. | ||
| 700 | _aLazarus, A.D. | ||
| 942 | _cJS | ||
| 999 |
_c75540 _d75540 |
||